000
00321nam a22001337a 4500
020
_a
978-1478637103
041
_a
ENG
100
_a
Sabins.F.F
245
_a
Remote Sensing Principles And Intrpretation
260
_a
New York
_b
W.H Freeman And Company
_c
2000
300
_a
494
650
_a
SWCE
856
_u
SWCE ( 06 )
999
_c
1865
_d
1865